| 000 | 02129nam a2200409 i 4500 | ||
|---|---|---|---|
| 003 | CO-BoRNBP | ||
| 005 | 20220317001904.0 | ||
| 007 | ta | ||
| 008 | 210811s2015 ck o er 000 0dspa d | ||
| 020 | _a9789587168495 | ||
| 040 |
_aCO-BoRNBP _bspa _erda _cCO-BoRNBP |
||
| 041 | 0 |
_aspa _acrp |
|
| 043 | _as-ck--- | ||
| 082 | 0 | 4 |
_a467.9861 _bM13k _222 |
| 100 | 1 |
_aMaglia de Ferrari, Graciela Esther _eautora |
|
| 245 | 1 | 0 |
_aKondalo pa bibí mejó _boratura y oralitura de San Basilio de Palenque (Colombia) _cGraciela Maglia, Yves Moñino |
| 246 | 3 | 1 | _aContarlo para vivir mejor |
| 250 | _aPrimera edición | ||
| 264 | 1 |
_aBogotá, Colombia _bEditorial Pontificia Universidad Javeriana _bInstituto Caro y Cuervo _bEditorial Universidad del Rosario _c2015 |
|
| 300 |
_a456 páginas _bfotografías a color _c24 cm _e1 CD |
||
| 336 |
_atexto _btxt _2rdacontent |
||
| 337 |
_asin mediación _bn _2rdamedia |
||
| 338 |
_avolumen _bnc _2rdacarrier |
||
| 500 | _aEl CD acompañante contiene muestras de grabaciones de los registros orales (cuentos, refranes, decimas, cantos, etc.) | ||
| 500 | _aEl material correspondiente a la dotación PNLB 2021 no incluyó los CD's acompañantes de entregas anteriores | ||
| 504 | _aBibliografía: páginas 447-456 | ||
| 505 | 2 |
_tTras la huella del cimarrón: oralitura palenquera _tDos lenguas para hablar del mundo y contarlo _tSelección de producciones orales palenqueras _tAnálisis sociosemiótico del corpus |
|
| 521 | _aRecomendado para público adulto | ||
| 545 | _aIncluye datos biográficos de los autores en la solapa | ||
| 546 | _aTexto en palenquero y español | ||
| 650 | 1 | 7 |
_aLenguaje nativo _xHistoria _zPalenque de San Basilio (Bolívar, Colombia) _2LEMB _v |
| 650 | 1 | 7 |
_aSociolingüística _xAspectos sociales _zPalenque de San Basilio (Bolívar, Colombia) _2LEMB |
| 650 | 1 | 7 |
_aLenguaje y cultura _zPalenque de San Basilio (Bolívar, Colombia) _2LEMB |
| 650 | 1 | 7 |
_aFolclor _zPalenque de San Basilio (Bolívar, Colombia) _2LEMB |
| 700 | 1 |
_aMoñino, Yves _d1946- _eautor _9201437 |
|
| 942 |
_2ddc _cBK |
||
| 999 |
_c8428 _d8428 |
||